ბათუმის შოთა რუსთაველის სახელმწიფო უნივერსიტეტის ბიბლიოთეკა

კანონიკური სამართალი / (ბიბ.ჩანაწერი № 58386)

000 -ლიდერი
ფიქსირებული სიგრძის საკონტროლო ველი 01015nam a22002057a 4500
003 - საკონტროლო ნომრის იდენტიფიკატორი
საკონტროლო ველი Ge_BSU
005 - ბოლო ოპერაციის თარიღი და დრო
საკონტროლო ველი 20211228133922.0
008 - ფიქსირებული სიგრძის მონაცემთა ელემენტები - ზოგადი ინფორმაცია
ფიქსირებული სიგრძის საკონტროლო ველი 211228s2013 ge ||||| |||| 00| 0 geo d
020 ## - წიგნის საერთაშორისო სტანდარტული ნომერი
International Standard Book Number 9789941024467
041 ## - ენის კოდი
Language code of text/sound track or separate title geo
080 ## - უნივერსალური ათობითი კლასიფიკაციის ინდექსი
Universal Decimal Classification number 348 : 27-745 ბ-72
100 ## - მთავარი ჩანაწერი - პიროვნების სახელი
Personal name ბუმისი, პანაიოტის ი.
9 (RLIN) 13368
245 ## - ცნობა სათაურის შესახებ
Title კანონიკური სამართალი /
Statement of responsibility, etc პანაიოტის ი. ბუმისი ; [მთარგმნ. ირინე გარაყანიძე ; რედ.: ექვთიმე კოჭლამაზაშვილი, დეკანოზი იოანე მამნიაშვილი].
250 ## - გამოცემის ცნობა
Edition statement (მე-2 გადამუშ. გამოც.).
264 ## - წარმოების, გამოცემის, დისტრიბუციის და სხვა ცნობები
გამოცემის, წარმოების, დისტრიბუციის... ადგილი თბ. :
გამოცემის, წარმოების, დისტრიბუციის... სახელწოდება ალილო,
გამოცემის, წარმოების, დისტრიბუციის... თარიღი 2013.
300 ## - ფიზიკური აღწერა
Extent 227 გვ.;
Other physical details 20 სმ.
500 ## - ზოგადი შენიშვნა
General note პარალ. თავფურ. ბერძნ. ენ.
653 ## - INDEX TERM--UNCONTROLLED
Uncontrolled term საეკლესიო სამართალი
942 ## - ADDED ENTRY ELEMENTS (KOHA)
Source of classification or shelving scheme
Koha item type წიგნი
ეგზემპლარები
ჩამოწერის სტატუსი დაკარგული ეგზემპლარის სტატუსი კლასიფიკაციის წყარო ან თაროზე გაწყობის სქემა დაზიანების სტატუსი არ გაიცემა მუდმივი მდებარეობა (დაცვის ადგილი) ამჟამინდელი ადგილსამყოფელი თაროზე განთავსების ადგილი შეძენის თარიღი ღირებულება, შესყიდვის ნორმალური ფასი სრული შენახვის შიფრი შტრიხკოდი ბოლო ოპერაციის თარიღი ეგზემპლარის მიმდევრობითი ნომერი (კეტერი?) ფასის ძალაში შესვლის თარიღი ეგზემპლარის სახეობა საჯარო შენიშვნა
          ბათუმის შოთა რუსთაველის სახელმწიფო უნივერსიტეტის მთავარი ბიბლიოთეკა ბათუმის შოთა რუსთაველის სახელმწიფო უნივერსიტეტის მთავარი ბიბლიოთეკა წიგნსაცავი 2021-12-28 12.00 348 : 27-745 ბ-72 62105 2021-12-28 62105 2021-12-28 წიგნი 12 ლ.